Reference, rationality, and phenomenology (Record no. 151442)
[ view plain ]
| 000 -LEADER | |
|---|---|
| fixed length control field | 01337nam a2200313 a 4500 |
| 245 00 - TITLE STATEMENT | |
| Title | Reference, rationality, and phenomenology |
| 260 ## - PUBLICATION, DISTRIBUTION, ETC. (IMPRINT) | |
| Place of publication | Frankfurt : |
| Name of publisher | ontos, |
| Year of publication | 2013. |
| 300 ## - PHYSICAL DESCRIPTION | |
| Number of Pages | 361 p. |
| 505 0# - FORMATTED CONTENTS NOTE | |
| Formatted contents note | Essays pt. 1. Phenomenology -- Essays pt. 2. Science -- Essays pt. 3. Logic and rationality -- Essays pt. 4. Meaning -- Essays pt. 5. Reference. |
| 650 #0 - SUBJECT ADDED ENTRY--TOPICAL TERM | |
| Topical Term | Practical reason. |
| 700 1# - ADDED ENTRY--PERSONAL NAME | |
| Personal name | Frauchiger, Michael. |
| 856 40 - ELECTRONIC LOCATION AND ACCESS | |
| Uniform Resource Identifier | http://site.ebrary.com/lib/rucke/Doc?id=10728591 |
No items available.
